000 00513nam a22001811i 4500
003 OSt
005 20150128091759.0
008 011010s1978 es spa
040 _cBMC
082 _a863.99224
100 1 _aGallegos Valdés, Luis
_99390
245 1 0 _aTiro al blanco
_cLuis Gallegos Valdés
250 _a2ª ed
260 _aSan Salvador
_bMinisterio de Educación, Dirección de Publicaciones
_c1978
300 _a164 p., 2h.
_c18 cm
650 2 4 _aNovela salvadoreña
_929546
942 _2ddc
_cBK
999 _c16839
_d16839